000 00773nam a22002297a 4500
003 UA-OsUOA
001 46434
007 ta
008 20120221b un ||||| |||| 00| 0 ukr d
090 _a81'374
_bР75
942 _cBK
040 _aUA-OsUOA
_bukr
_cUA-OsUOA
_dUA-OsUOA
245 _aРосійсько-український словник правничої мови
_cгол. ред А.Ю. Кримський
300 _a236 с.
955 _a4
041 _aukr
080 _a81'374
260 _aН.-Й.
_c1984
650 7 _a8 Мовознавство. Художня література. Літературознавство
_2UDC
999 _c426537
_d426537